00795 2200265 4500001002100000005001500021035002000036090001200056264001800068020002200086020002900108020002800137245007200165100003300237650001900270008004100289082001300330084002200343250003200365260003700397300003100434700003200465990001600497990001600513INLIS00000000004329220211118023931 a0010-0921000055 99.221 3 entang Pustaka a978-602-291-793-9 a978-602-291-794-6 (EPUB) a978-602-291-795-3 (PDF)1 aMbah Nun bertutur /cEmha Ainun Nadjib; penyunting, Nurjannah Intan0 aEmha Ainun Nadjibepengarang 4aEsai Indonesia211118 g e ind  a899.2213 aSR 899.2213 EMH m aCetakan pertama, April 2021 aSleman :bBentang Pustaka,c2021 aviii, 220 halaman ;c21 cm0 aNurjannah Intanepenyunting a47481.60301 a47848.60668